000 00661nam1a22002051i 4500
001 rc\221980
005 20240723214611.0
035 _a(NLR Aleph) 005625457
090 _a6529624
_c6529624
100 _a20030307d1992 u |0rusy50 ca
101 0 _arus
102 _aRU
105 _ay |||||||||
200 1 _aMediaevalia Ucrainica: ментальнiсть та iсторiя iдей
_e[Зб.]
_fАН Украiни. Археограф. комiс., Iн-т укр. археографii
_g[Ред.: Т.А. Кiнько]
210 _aК.
_cБ. и.
_d1992
215 _d26
801 0 _aRU
_bNLR
_gpsbo
801 1 _aRU
_bELAR
_2rusmarc
852 _aNLR
_j96-7/1604
942 _cBOOK